000 00468nam a2200181Ia 4500
005 20250423101714.0
008 250422s9999 xx 000 0 und d
020 _a978-1-935295-12-9
050 _aBV 5082 .A46/
100 _aAlmirzanah, Syafaatun
245 0 _aWhen mystic masters meet : towards a new matrix for Christian-Muslim dialogue
260 _aNew York
260 _bBlue Dome
260 _c2011
300 _a260 p
650 _aIslam
942 _cBK
999 _c37035
_d37035